Haegue Yang. (Record no. 22453)

000 -LEADER
fixed length control field 01295cam a22002894a 4500
001 - CONTROL NUMBER
control field 15311330
003 - CONTROL NUMBER IDENTIFIER
control field OSt
005 - DATE AND TIME OF LATEST TRANSACTION
control field 20170124105555.0
008 - FIXED-LENGTH DATA ELEMENTS--GENERAL INFORMATION
fixed length control field 080530s2008 caua b 000 0 eng
010 ## - LIBRARY OF CONGRESS CONTROL NUMBER
LC control number 2008024413
020 ## - INTERNATIONAL STANDARD BOOK NUMBER
International Standard Book Number 0974983195 (alk. paper)
040 ## - CATALOGING SOURCE
Original cataloging agency DLC
Transcribing agency DLC
Modifying agency DLC
042 ## - AUTHENTICATION CODE
Authentication code pcc
050 00 - LIBRARY OF CONGRESS CALL NUMBER
Classification number N7369.Y36
Item number A4 2008
100 1# - MAIN ENTRY--PERSONAL NAME
Personal name Yang, Haegue,
Dates associated with a name 1971-
245 10 - TITLE STATEMENT
Title Haegue Yang.
260 ## - PUBLICATION, DISTRIBUTION, ETC. (IMPRINT)
Place of publication, distribution, etc. Los Angeles :
Name of publisher, distributor, etc. Roy and Edna Disney/CalArts Theater ;
Place of publication, distribution, etc. Bilbao, Spain :
Name of publisher, distributor, etc. Sala Rekalde,
Date of publication, distribution, etc. 2008.
300 ## - PHYSICAL DESCRIPTION
Extent 215 p. :
Other physical details ill. (some col.) ;
Dimensions 25 cm.
500 ## - GENERAL NOTE
General note Catalog of an exhibition at the REDCAT, Los Angeles, June 28-Aug. 24, 2008.
504 ## - BIBLIOGRAPHY, ETC. NOTE
Bibliography, etc Includes bibliographical references (p. 209-215).
600 10 - SUBJECT ADDED ENTRY--PERSONAL NAME
Personal name Yang, Haegue,
Dates associated with a name 1971-
Form subdivision Exhibitions.
710 2# - ADDED ENTRY--CORPORATE NAME
Corporate name or jurisdiction name as entry element REDCAT (Art center)
710 2# - ADDED ENTRY--CORPORATE NAME
Corporate name or jurisdiction name as entry element Sala Rekalde (Bilbao, Spain)
856 41 - ELECTRONIC LOCATION AND ACCESS
Materials specified Table of contents only
Uniform Resource Identifier <a href="http://www.loc.gov/catdir/toc/ecip0820/2008024413.html">http://www.loc.gov/catdir/toc/ecip0820/2008024413.html</a>
906 ## - LOCAL DATA ELEMENT F, LDF (RLIN)
a 7
b cbc
c orignew
d 1
e ecip
f 20
g y-gencatlg
942 ## - ADDED ENTRY ELEMENTS (KOHA)
Source of classification or shelving scheme
Koha item type Hard Covered Materials
Classification part N 7369 .Y36A4 2008

No items available.

© Machakos University Library, Along The Highway, Machakos Wote Rd, Machakos, Kenya P.O. Box 136 - 90100 Machakos - Kenya

Tel: ( +254 ) 723 805829 OR Fax : 044-20353 OR Email: library@mksu.ac.ke